000 00401nam a2200157 4500
001 26841
005 20230411085953.0
008 060907n1994 dr spa
035 _9funglode27044
041 _aES
245 0 _aPlan educativo :
_bPolitica social y desarrollo humano
250 _a25
260 _aSanto Domingo :
_bImp. Impretur,
_c1994
300 _a45 p.
942 _2lcc
_cbk
999 _c110235
_d110235